Die Schulgesetzgebung der Gegenwart : (Record no. 19117)

MARC details
000 -LEADER
fixed length control field 00953cam a22002414a 4500
001 - CONTROL NUMBER
control field e 10002670
003 - CONTROL NUMBER IDENTIFIER
control field DLC
005 - DATE AND TIME OF LATEST TRANSACTION
control field 20260227111154.0
008 - FIXED-LENGTH DATA ELEMENTS--GENERAL INFORMATION
fixed length control field 920213s1869 gw bl 000 0 ger d
010 ## - LIBRARY OF CONGRESS CONTROL NUMBER
LC control number e 10002670
040 ## - CATALOGING SOURCE
Original cataloging agency Library, U.S. Bur. of Education
Transcribing agency CKM
Modifying agency DLC
043 ## - GEOGRAPHIC AREA CODE
Geographic area code e-gx---
-- e-au---
-- e-sz---
050 00 - LIBRARY OF CONGRESS CALL NUMBER
Classification number KK6266
Item number .A28 1869
110 1# - MAIN ENTRY--CORPORATE NAME
Corporate name or jurisdiction name as entry element Germany.
245 14 - TITLE STATEMENT
Title Die Schulgesetzgebung der Gegenwart :
Remainder of title Sammlung der neuesten Schulgesetze, wichtiger Verordnungen der Schulbehörden und Kundgebungen der pädagogischen Vereine /
Statement of responsibility, etc. [herausgegeben] von J.C.N. Backhaus.
260 ## - PUBLICATION, DISTRIBUTION, ETC.
Place of publication, distribution, etc. Osnabrück :
Name of publisher, distributor, etc. Rackhorstsche buchhandlung,
Date of publication, distribution, etc. 1869.
300 ## - PHYSICAL DESCRIPTION
Extent viii, 324 p. ;
Dimensions 23 cm.
504 ## - BIBLIOGRAPHY, ETC. NOTE
Bibliography, etc. note Includes bibliographical references.
650 #0 - SUBJECT ADDED ENTRY--TOPICAL TERM
Topical term or geographic name entry element Educational law and legislation
Geographic subdivision Germany.
650 #0 - SUBJECT ADDED ENTRY--TOPICAL TERM
Topical term or geographic name entry element Educational law and legislation
Geographic subdivision Austria.
650 #0 - SUBJECT ADDED ENTRY--TOPICAL TERM
Topical term or geographic name entry element Educational law and legislation
Geographic subdivision Switzerland.
700 1# - ADDED ENTRY--PERSONAL NAME
Personal name Backhaus, J. C. N.

No items available.

Powered by Koha